00841nam a22001817a 4500003000900000008004100009040007100050082002000121100002500141245009200166260004800258300003000306505018900336650003000525650004700555650001600602700004100618AR-CdUCM190226b ||||| |||| 00| 0 spa d aMUNICIPALIDAD PROVINCIAL DEL CUSCOcBIBLIOTECA MUNICIPAL DEL CUSCO a370.12 / bN29 aNavarro Peña, Elsa aCorrientes pedagógicas contemporáneas en el avance científico del conocimiento /  aLima : b[Kopy Graf E.I.R.Ltda.], c[2007]. a209 páginas ;c20.7 cm. aContenido: Educación -- La pedagogía y principios pedagógicos -- Modelos pedagógicos -- Corrientes pedagógicas contemporáneas en el avance científico del conocimiento ... aEducación - Filosofía aInnovaciones educativas - Investigación. apedagogía aSoto Alcántara, Adrián (Coautor)